Cuento contigo para contar y compartir cuentos : (Registro nro. 14363)

Detalles MARC
000 -LIDER
fixed length control field 01143nam a2200301 a 4500
001 - NÚMERO DE CONTROL
Identificador de número de control 000046734
003 - IDENTIFICACDOR DE NÚMERO DE CONTROL
control field DO-SdBNP
005 - DATE AND TIME OF LATEST TRANSACTION
control field 20230508111014.0
008 - ELEMENTOS DE LONGITUD FIJA
fixed length control field 180321s2014 dr a r 000 j spa d
020 ## - ISBN
International Standard Book Number 9789945896381
040 ## - FUENTE DE CATALOGACIÓN
Agencia que crea de manera original el registro DO-SdBNP
Idioma de catalogación spa
Agencia que realiza la transcripción BPMSU
082 #4 - NÚMERO DE CLASIFICACIÓN DECIMAL DE DEWEY
Classification number 028.55
Item number M729c 2014
Edition number 22
100 1# - ASIENTO PRINCIPAL -- NOMBRE PERSONAL
Nombre personal Moltoni, Cecilia Inés
245 10 - MENCIÓN DE TITULO
Título Cuento contigo para contar y compartir cuentos :
Subtítulo guía creativa para promover líderes cuentacuentos y clubes de lectura /
Mención de responsabilidad Cecilia Inés Moltoni.
246 13 - VARIACION DEL TÍTULO
Título propiamente dicho o título corto Guía creativa para promover líderes cuentacuentos y clubes de lectura
260 ## - PUBLICACIÓN, DISTRIBUCIÓN, ETC. (PIE DE IMPRENTA)
Lugar de publicación, distribución, etc Santo Domingo :
Nombre del editor, distribuidor, etc. MINERD,
Fecha de publicación, distribución, etc 2014.
300 ## - DESCRIPCIÓN FÍSICA
Extensión 97 p. :
Otros detalles físicos il. ;
Dimensiones 23 cm.
500 ## - NOTA GENERAL
Nota general Guía para el docentes
590 ## - NOTA LOCAL
Texto de la nota local Inventariado, 2023/VM
650 #4 - ENCABEZAMIENTO DE MATERIA--TEMÁTICO
Término temático o nombre geográfico como elemento de entrada Promoción de la lectura
Subdivisión geográfica República Dominicana
650 #4 - ENCABEZAMIENTO DE MATERIA--TEMÁTICO
Término temático o nombre geográfico como elemento de entrada Promoción de la lectura
Subdivisión temática general Técnicas.
650 #4 - ENCABEZAMIENTO DE MATERIA--TEMÁTICO
Término temático o nombre geográfico como elemento de entrada Cuentos
Subdivisión temática general Enseñanza.
650 #4 - ENCABEZAMIENTO DE MATERIA--TEMÁTICO
Término temático o nombre geográfico como elemento de entrada Literatura infantil dominicana
710 2# - ASIENTO SECUNDARIO -- NOMBRE CORPORATIVO
Nombre corporativo o de jurisdicción Organización de Estados Iberoamericanos
710 2# - ASIENTO SECUNDARIO -- NOMBRE CORPORATIVO
Nombre corporativo o de jurisdicción Ministerio de Edudcaciòn (Repúiblica Dominicana)
910 ## - VALIDACIÓN
Validación VMateo V. Control de calidad (BPMSU)
942 ## - ADDED ENTRY ELEMENTS (KOHA)
Source of classification or shelving scheme Dewey Decimal Classification
Koha item type Libros
Existencias
Withdrawn status Lost status Source of classification or shelving scheme Damaged status Not for loan Home library Current library Date acquired Full call number Barcode Date last seen Price effective from Koha item type Collection code Total Checkouts Copy number
    Dewey Decimal Classification     Biblioteca Pública Metropolitana Salomé Ureña Biblioteca Pública Metropolitana Salomé Ureña 02/21/2023 BPMSU CD 028.55 M729c 2014 BPMSU23020014 02/21/2023 02/21/2023 Libros      
    Dewey Decimal Classification     Biblioteca Pública Metropolitana Salomé Ureña Biblioteca Pública Metropolitana Salomé Ureña 02/21/2023 BPMSU CD 028.55 M729c 2014 BPMSU25100058 10/16/2025 02/21/2023 Libros Colección Dominicana   e.2